Personnalités de A à Z (12) - Statistiques

Statistiques générales
  • Ce quiz a été pris 76 fois
  • Le résultat moyen est 8 sur 23
Statistiques - réponses
Par images Réponse % Correct
Roger {Federer}
100%
Robert {De Niro}
80%
Robert {Kennedy}
73%
Richard {Nixon}
70%
Robert {Badinter}
70%
Richard {Anconina}
67%
Richard {Gasquet}
61%
Robert {Redford}
59%
Robert {Charlebois}
42%
Richard {Virenque}
41%
Robert {Mitchum}
33%
Roger {Pierre}
24%
Robert {Oppenheimer}
23%
Robert {Lamoureux}
20%
Robert {Wagner}
20%
Robert {Zemeckis}
15%
Robert {Johnson}
8%
Roland {Topor}
8%
Robert {Stack}
5%
Robert {Enrico}
3%
Robert {Hersant}
2%
Robert {Urich}
2%
Robert {Indiana}
0%
Aucun quiz correspondant
Distribution des résultats
% des personnes avec chaque résultat
Percentile par nombre de réponses
Votre historique - résultats
Vous n’avez pas pris ce quiz